[Event "Chessemy Open 2022"]
[Site "Reinstorf"]
[Date "2022.02.03"]
[Round "6.10"]
[White "Semling, Julius"]
[Black "Niemann, Leon"]
[Result "1-0"]
[WhiteElo "1515"]
[BlackElo "1804"]
[Annotator "NA"]
[PlyCount "75"]
[EventDate "2022.01.29"]
[EventType "swiss"]
[EventCountry "GER"]
[SourceTitle "playchess.com"]
[Source "ChessBase"]
[SourceQuality "1"]

1. e4 c5 2. Nf3 Nc6 3. d4 cxd4 4. Nxd4 g6 5. Nc3 Bg7 6. Nb3 Nf6 7. Be2 O-O 8. O-O d6 9. Re1 Bd7 10. Bf1 Na5 11. Nd5 Nxb3 12. axb3 Bc6 13. Bg5 Re8 14. c3 b6 15. Bxf6 Bxf6 16. Nxf6+ exf6 17. Qc2 Qc7 18. Rad1 Qb7 19. f3 d5 20. exd5 Bxd5 21. Bb5 Rxe1+ 22. Rxe1 Qc7 23. Bd3 Qc5+ 24. Kh1 a5 25. Be4 Re8 26. Re2 Bxe4 27. Rxe4 Rxe4 28. Qxe4 Qb5 29. Qc4 Qxc4 30. bxc4 a4 31. Kg1 Kf8 32. Kf2 Ke7 33. Ke3 Kd6 34. Kd4 Kc6 35. g4 Kd6 36. f4 h6 37. f5 Kc6 38. h4 1-0

[Event "Chessemy Open 2022"]
[Site "Reinstorf"]
[Date "2022.02.03"]
[Round "6.11"]
[White "Peist, Juergen"]
[Black "Gohla, Ulf"]
[Result "1-0"]
[WhiteElo "2351"]
[BlackElo "2139"]
[Annotator "TA"]
[PlyCount "137"]
[EventDate "2022.01.29"]
[EventType "swiss"]
[EventCountry "GER"]
[SourceTitle "playchess.com"]
[Source "ChessBase"]
[SourceQuality "1"]

1. d4 d5 2. c4 c6 3. Nf3 Nf6 4. g3 Bf5 5. Nc3 e6 6. Nh4 Bg4 7. h3 Bh5 8. Qb3 Qb6 9. c5 Qxb3 10. axb3 Nbd7 11. b4 Be7 12. b5 O-O 13. g4 Ne4 14. Ng2 Bg6 15. bxc6 bxc6 16. Nf4 e5 17. Nxg6 hxg6 18. Nxe4 dxe4 19. dxe5 Nxc5 20. Be3 Rfb8 21. Ra2 Nd7 22. Bg2 Bb4+ 23. Kf1 Nxe5 24. Bxe4 a5 25. Kg2 Re8 26. Bf4 Rad8 27. Bc2 Nc4 28. b3 Nb6 29. Bd3 Nd5 30. Bg3 g5 31. Rc1 c5 32. Kf3 g6 33. h4 gxh4 34. Bxh4 Rd6 35. Rac2 Ba3 36. Ra1 Bb4 37. Rc4 Kg7 38. Bg3 Rde6 39. Re4 Rxe4 40. Bxe4 Nc3 41. Bd3 f6 42. Rc1 Rc8 43. g5 a4 44. bxa4 Ra8 45. gxf6+ Kxf6 46. Rh1 Nxa4 47. Rh6 Rg8 48. Bh4+ Ke5 49. Rxg6 Rxg6 50. Bxg6 c4 51. e3 Nb6 52. Bg3+ Ke6 53. Ke4 c3 54. Bf5+ Kf7 55. Kd4 Nc8 56. Bc2 Nd6 57. Kd5 Ke7 58. Be5 Nf7 59. Bd4 Ba5 60. Ba4 Nh6 61. e4 Ng4 62. e5 Bb4 63. f4 Nh6 64. Bc2 Nf7 65. Kc4 Ba5 66. f5 Bc7 67. Kd5 Ba5 68. Bc5+ Kd8 69. e6 1-0

[Event "Chessemy Open 2022"]
[Site "Reinstorf"]
[Date "2022.02.03"]
[Round "6.12"]
[White "Colbow, Collin"]
[Black "Budzyn, Matthias"]
[Result "0-1"]
[WhiteElo "2322"]
[BlackElo "2139"]
[Annotator "TA"]
[PlyCount "104"]
[EventDate "2022.01.29"]
[EventType "swiss"]
[EventCountry "GER"]
[SourceTitle "playchess.com"]
[Source "ChessBase"]
[SourceQuality "1"]

1. e4 e5 2. Nf3 Nc6 3. Bc4 Nf6 4. d3 Be7 5. O-O O-O 6. Re1 d6 7. a4 Be6 8. Nc3 Bxc4 9. dxc4 h6 10. a5 a6 11. h3 Re8 12. Be3 Bf8 13. Qd2 Re6 14. Ra4 Ne7 15. Qd3 Ng6 16. Nd5 Nd7 17. b4 c6 18. Nc3 Nf6 19. Rd1 Nh5 20. g3 Nf6 21. Kg2 Qe8 22. Qe2 Rc8 23. Ra2 Re7 24. Rb2 Rd7 25. Nh2 Qe6 26. Ng4 Nh7 27. h4 f5 28. exf5 Qxf5 29. h5 Nf4+ 30. gxf4 exf4 31. Bc1 Re8 32. Qf3 Rf7 33. Rd4 Re1 34. Bxf4 Ng5 35. Qg3 c5 36. bxc5 dxc5 37. Bxg5 cxd4 38. Bd2 Re6 39. Nd5 Bd6 40. Qh3 Re2 41. Bf4 Bxf4 42. Rxb7 Bc7 43. Nxh6+ gxh6 44. Qxf5 Rxf5 45. Rxc7 Rfxf2+ 46. Kg3 Rf7 47. Rc8+ Kg7 48. Nb4 Re5 49. c5 Rxh5 50. Nd3 Rg5+ 51. Kh2 Rff5 52. Rd8 Rg6 0-1

[Event "Chessemy Open 2022"]
[Site "Reinstorf"]
[Date "2022.02.03"]
[Round "6.13"]
[White "Ermitsch, Magnus"]
[Black "Lubbe, Melanie"]
[Result "0-1"]
[WhiteElo "2127"]
[BlackElo "2297"]
[Annotator "TA"]
[PlyCount "166"]
[EventDate "2022.01.29"]
[EventType "swiss"]
[EventCountry "GER"]
[SourceTitle "playchess.com"]
[Source "ChessBase"]
[SourceQuality "1"]

1. e4 c5 2. Nf3 d6 3. d4 cxd4 4. Nxd4 Nf6 5. Nc3 Nc6 6. Bg5 e6 7. Qd3 Be7 8. O-O-O O-O 9. h4 Nxd4 10. Qxd4 Qa5 11. Kb1 Rd8 12. Be2 a6 13. Qd2 Qc7 14. g4 b5 15. a3 Bb7 16. f3 d5 17. e5 d4 18. exf6 dxc3 19. Qf4 Bd6 20. Qe3 Be5 21. fxg7 Rdc8 22. Bd3 Bxg7 23. Bh6 Qe5 24. Qxe5 Bxe5 25. Rde1 Bd4 26. Be4 Ra7 27. b3 Rd8 28. Bg5 Rd7 29. Re2 Bg7 30. h5 Bxe4 31. Rxe4 Rd5 32. Bf4 h6 33. Bc1 Rad7 34. Ree1 Kh7 35. f4 Bf6 36. Reg1 Bd4 37. Rf1 f6 38. Re1 e5 39. g5 fxg5 40. fxg5 hxg5 41. Bxg5 a5 42. Ka2 b4 43. a4 Rg7 44. Bc1 Rg2 45. Kb1 Rd7 46. Rhf1 Re7 47. Re4 Reg7 48. Ree1 R2g4 49. Rd1 Kg8 50. h6 Rf7 51. Rh1 Kh7 52. Rh2 Ba7 53. Re2 e4 54. Rd8 Re7 55. Rd5 Bb6 56. Rb5 Re6 57. Rd5 Re7 58. Rb5 Rg6 59. Bg5 Re8 60. Rd5 Rge6 61. Rd7+ Kg6 62. Rg2 Kf5 63. Rf7+ Ke5 64. h7 Bd4 65. Bf6+ Rxf6 66. Rxf6 Kxf6 67. Rg8 Kf7 68. Rg4 Bf6 69. Kc1 e3 70. Kd1 Rd8+ 71. Kc1 e2 72. Rg1 Re8 73. Re1 Kg7 74. Kb1 Kxh7 75. Ka2 Bh4 76. Rg1 e1=N 77. Rh1 Re4 78. Kb1 Kg6 79. Rf1 Re2 80. Ka1 Nxc2+ 81. Kb1 Nd4 82. Rh1 Rb2+ 83. Kc1 Ne2+ 0-1

[Event "Chessemy Open 2022"]
[Site "Reinstorf"]
[Date "2022.02.03"]
[Round "6.14"]
[White "Niermann, Tristan"]
[Black "Germer, Philipp"]
[Result "1-0"]
[WhiteElo "2263"]
[BlackElo "2132"]
[Annotator "TA"]
[PlyCount "61"]
[EventDate "2022.01.29"]
[EventType "swiss"]
[EventCountry "GER"]
[SourceTitle "playchess.com"]
[Source "ChessBase"]
[SourceQuality "1"]

1. Nf3 c5 2. g3 Nc6 3. Bg2 e5 4. e4 g6 5. O-O Bg7 6. c3 Nge7 7. d3 O-O 8. Be3 d6 9. Na3 a6 10. d4 exd4 11. cxd4 b5 12. Nc2 Bb7 13. Qe2 Na5 14. dxc5 Bxe4 15. cxd6 Qxd6 16. Bg5 f5 17. Rfd1 Nd5 18. Ne3 h6 19. Nxd5 Bxd5 20. Be7 Qe6 21. Nd4 Bxd4 22. Qxe6+ Bxe6 23. Rxd4 Rfe8 24. Bb4 Nc4 25. Bxa8 Rxa8 26. b3 a5 27. bxc4 axb4 28. cxb5 b3 29. a4 Rc8 30. Rb4 Rc2 31. Rb1 1-0

[Event "Chessemy Open 2022"]
[Site "Reinstorf"]
[Date "2022.02.03"]
[Round "6.14"]
[White "Nguyen, Bach Khoi"]
[Black "Wraga, Hermann"]
[Result "1/2-1/2"]
[WhiteElo "1086"]
[BlackElo "1674"]
[Annotator "NA"]
[PlyCount "100"]
[EventDate "2022.01.29"]
[EventType "swiss"]
[EventCountry "GER"]
[SourceTitle "playchess.com"]
[Source "ChessBase"]
[SourceQuality "1"]

1. e4 d6 2. d4 g6 3. Nc3 Bg7 4. Nf3 c6 5. h3 Nf6 6. Bd3 O-O 7. O-O b5 8. Be3 a6 9. Re1 Nbd7 10. Qd2 Qc7 11. Bh6 e5 12. Bxg7 Kxg7 13. dxe5 dxe5 14. Nh2 Bb7 15. Ng4 Rad8 16. Qh6+ Kh8 17. g3 Ng8 18. Qh4 f6 19. Ne3 Qd6 20. g4 Qe7 21. Qg3 Rf7 22. Kg2 Kg7 23. Rh1 Kf8 24. Raf1 Nc5 25. Rd1 Ne6 26. Ne2 Nc7 27. Rhf1 Bc8 28. f4 c5 29. b3 Bb7 30. Rf2 Rd7 31. Kh2 Qe8 32. c4 b4 33. Nd5 Na8 34. Bc2 Kg7 35. Rdf1 a5 36. g5 fxg5 37. fxe5 Rxf2+ 38. Rxf2 Rf7 39. Nf6 Nxf6 40. exf6+ Rxf6 41. Rxf6 Kxf6 42. Qd6+ Kg7 43. Qxc5 Qd8 44. Qd4+ Qxd4 45. Nxd4 Kf6 46. Nf3 h6 47. Kg3 Nc7 48. Kf2 Ne6 49. Ke3 Bc8 50. Bd3 Nf4 1/2-1/2

[Event "Chessemy Open 2022"]
[Site "Reinstorf"]
[Date "2022.02.03"]
[Round "6.15"]
[White "Chennaoui, Yasin"]
[Black "Kugler, Florian"]
[Result "1/2-1/2"]
[WhiteElo "2123"]
[BlackElo "2222"]
[Annotator "TA"]
[PlyCount "80"]
[EventDate "2022.01.29"]
[EventType "swiss"]
[EventCountry "GER"]
[SourceTitle "playchess.com"]
[Source "ChessBase"]
[SourceQuality "1"]

1. c4 e5 2. Nc3 Nf6 3. g3 d5 4. cxd5 Nxd5 5. Bg2 Nb6 6. Nf3 Nc6 7. O-O Be7 8. d3 O-O 9. Be3 Re8 10. Rc1 Bf8 11. Bg5 Qd7 12. Ne4 a5 13. h4 Nd5 14. Nc5 Bxc5 15. Rxc5 Qd6 16. Rc1 Be6 17. d4 e4 18. Nd2 f5 19. Nc4 Qd7 20. Ne5 Nxe5 21. dxe5 h6 22. Bd2 Red8 23. Qc2 Qb5 24. e3 Nb6 25. Rfd1 Bxa2 26. Bf1 Qb3 27. Qxc7 Rd7 28. Bc4+ Nxc4 29. Qxd7 Nxe5 30. Rc8+ Rxc8 31. Qxc8+ Kh7 32. Rc1 Qf7 33. Bc3 Nf3+ 34. Kg2 Qg6 35. Qd8 Qg4 36. Ra1 Bc4 37. Qc7 Nxh4+ 38. Kh2 Nf3+ 39. Kg2 Nh4+ 40. Kh2 Nf3+ 1/2-1/2

[Event "Chessemy Open 2022"]
[Site "Reinstorf"]
[Date "2022.02.03"]
[Round "6.16"]
[White "Oest, Thorsten"]
[Black "Hommer, Jeremy"]
[Result "0-1"]
[WhiteElo "2111"]
[BlackElo "2220"]
[Annotator "TA"]
[PlyCount "87"]
[EventDate "2022.01.29"]
[EventType "swiss"]
[EventCountry "GER"]
[SourceTitle "playchess.com"]
[Source "ChessBase"]
[SourceQuality "1"]

1. e4 e6 2. d4 d5 3. Nd2 c5 4. exd5 Qxd5 5. Ngf3 cxd4 6. Bc4 Qd6 7. O-O Nf6 8. Re1 Nc6 9. Bb5 Bd7 10. Ne4 Qc7 11. Nxf6+ gxf6 12. Bxc6 Bxc6 13. Qxd4 Be7 14. Bf4 Qa5 15. Qe3 O-O-O 16. Nd4 Bc5 17. Nxc6 Bxe3 18. Nxa5 Bxf4 19. Red1 f5 20. h3 Kc7 21. Kf1 Be5 22. c3 Bf6 23. Ke2 Rdg8 24. g3 h5 25. Rd3 h4 26. Rad1 Rd8 27. g4 Rxd3 28. Rxd3 fxg4 29. hxg4 h3 30. Rd1 b5 31. Nb3 h2 32. Rh1 Be5 33. Nd2 Bf4 34. Nf1 Kd6 35. Ne3 Bxe3 36. Kxe3 Ke5 37. f4+ Kd5 38. Rd1+ Kc5 39. Rh1 Kd5 40. Rd1+ Kc4 41. Rh1 a5 42. g5 a4 43. Kd2 Rh3 44. Ke1 0-1

[Event "Chessemy Open 2022"]
[Site "Reinstorf"]
[Date "2022.02.03"]
[Round "6.17"]
[White "Redzisz, Michal"]
[Black "Lehaci, Miruna-Daria"]
[Result "1-0"]
[WhiteElo "2261"]
[BlackElo "2200"]
[Annotator "TA"]
[PlyCount "97"]
[EventDate "2022.01.29"]
[EventType "swiss"]
[EventCountry "GER"]
[SourceTitle "playchess.com"]
[Source "ChessBase"]
[SourceQuality "1"]

1. d4 Nf6 2. c4 e6 3. Nf3 d5 4. g3 dxc4 5. Bg2 Bd7 6. Ne5 Bc6 7. Nxc6 Nxc6 8. e3 Qd7 9. O-O O-O-O 10. Nc3 h5 11. b3 Bb4 12. Bb2 Bxc3 13. Bxc3 Nd5 14. Qc2 cxb3 15. Qxb3 Rdg8 16. Rab1 Nd8 17. e4 Nxc3 18. Qxc3 g5 19. e5 c6 20. Rfc1 Rh7 21. a4 h4 22. Be4 f5 23. exf6 Rf7 24. a5 a6 25. Rb6 Rgf8 26. Rcb1 Qd6 27. Qe3 hxg3 28. hxg3 Rxf6 29. R1b2 R6f7 30. Bg2 Rd7 31. d5 Rh7 32. Be4 Rh6 33. Rxb7 Nxb7 34. Qa7 Qb8 35. Qxb8+ Kxb8 36. dxc6 Rf7 37. Rb6 Rc7 38. cxb7 Rc4 39. f3 Rc1+ 40. Kg2 Rh8 41. Rxa6 Kc7 42. Ra8 Rb8 43. a6 Ra1 44. Kh3 Ra4 45. Kg4 Ra5 46. Kh5 g4+ 47. Kxg4 Ra4 48. Kg5 Ra5+ 49. Kf6 1-0

[Event "Chessemy Open 2022"]
[Site "Reinstorf"]
[Date "2022.02.03"]
[Round "6.17"]
[White "Bonatis, Reiner"]
[Black "Ebeling, Hans-Juergen"]
[Result "1/2-1/2"]
[WhiteElo "1713"]
[BlackElo "1538"]
[Annotator "NA"]
[PlyCount "68"]
[EventDate "2022.01.29"]
[EventType "swiss"]
[EventCountry "GER"]
[SourceTitle "playchess.com"]
[Source "ChessBase"]
[SourceQuality "1"]

1. Nf3 Nf6 2. g3 b6 3. Bg2 Bb7 4. O-O c5 5. c4 d6 6. Nc3 g6 7. d3 Bg7 8. e4 Nbd7 9. Re1 O-O 10. Nh4 a6 11. f4 e5 12. f5 Bc6 13. a4 Qb8 14. Bd2 Ne8 15. Rf1 Nc7 16. Qg4 Nf6 17. Qd1 b5 18. b3 bxc4 19. bxc4 Qb7 20. Rb1 Qa7 21. Qc2 Rab8 22. Rxb8 Qxb8 23. Rb1 Qa7 24. Qb3 Nd7 25. a5 Rb8 26. Qd1 Rxb1 27. Qxb1 Qb7 28. Qd1 Qb2 29. Bh3 Nf6 30. fxg6 fxg6 31. Qc1 Qxc1+ 32. Bxc1 Bd7 33. Bxd7 Nxd7 34. Bg5 Bf6 1/2-1/2

[Event "Chessemy Open 2022"]
[Site "Reinstorf"]
[Date "2022.02.03"]
[Round "6.18"]
[White "Ermitsch, Michael"]
[Black "Laux, Dominik"]
[Result "0-1"]
[WhiteElo "2103"]
[BlackElo "2200"]
[Annotator "TA"]
[PlyCount "74"]
[EventDate "2022.01.29"]
[EventType "swiss"]
[EventCountry "GER"]
[SourceTitle "playchess.com"]
[Source "ChessBase"]
[SourceQuality "1"]

1. e4 c6 2. d4 d5 3. Nc3 dxe4 4. Nxe4 Bf5 5. Ng3 Bg6 6. Nf3 Nd7 7. h4 h6 8. h5 Bh7 9. Bd3 Bxd3 10. Qxd3 e6 11. Bd2 Ngf6 12. O-O-O Be7 13. Kb1 O-O 14. Ne4 c5 15. Bc3 Qb6 16. Nxf6+ Bxf6 17. g4 Rfd8 18. Qd2 Qc6 19. Qf4 Nb6 20. Ne5 Qc7 21. Qe4 Na4 22. f4 Qb6 23. Ka1 Nxc3 24. bxc3 cxd4 25. cxd4 Rac8 26. Rh3 Qa5 27. Qxb7 Bxe5 28. fxe5 Rxc2 29. Qb3 Rdc8 30. Qa3 Qd5 31. Rb3 Qg2 32. Rdb1 Qxg4 33. Qxa7 Qxh5 34. Rb8 Qf3 35. Rxc8+ Rxc8 36. Qb6 Qc3+ 37. Qb2 Qd3 0-1

[Event "Chessemy Open 2022"]
[Site "Reinstorf"]
[Date "2022.02.03"]
[Round "6.18"]
[White "Wilmink, Anna"]
[Black "Skopp, Jonathan"]
[Result "1-0"]
[WhiteElo "1696"]
[BlackElo "1466"]
[Annotator "NA"]
[PlyCount "65"]
[EventDate "2022.01.29"]
[EventType "swiss"]
[EventCountry "GER"]
[SourceTitle "playchess.com"]
[Source "ChessBase"]
[SourceQuality "1"]

1. e4 e6 2. d4 d5 3. Nd2 Nf6 4. e5 Nfd7 5. Ndf3 Be7 6. Bd3 c5 7. c3 Nc6 8. Ne2 cxd4 9. cxd4 f6 10. exf6 Nxf6 11. O-O O-O 12. Re1 Qc7 13. Nf4 Qd6 14. Bc2 Bd8 15. Ng5 e5 16. dxe5 Nxe5 17. Nh5 Bc7 18. Bf4 Bg4 19. Nxf6+ Qxf6 20. Qxd5+ Kh8 21. Be3 h6 22. Ne4 Qh4 23. Ng3 Rae8 24. Bc5 Rf6 25. Qd4 Rd8 26. Qe4 Rg6 27. f4 Bf3 28. gxf3 Rxg3+ 29. hxg3 Qxg3+ 30. Kf1 Qh3+ 31. Ke2 Qg2+ 32. Bf2 Qxf3+ 33. Qxf3 1-0

[Event "Chessemy Open 2022"]
[Site "Reinstorf"]
[Date "2022.02.03"]
[Round "6.19"]
[White "Fernandez Garcia, Alfonso Javier"]
[Black "Back, Andreas"]
[Result "1/2-1/2"]
[WhiteElo "1619"]
[BlackElo "1454"]
[Annotator "NA"]
[PlyCount "30"]
[EventDate "2022.01.29"]
[EventType "swiss"]
[EventCountry "GER"]
[SourceTitle "playchess.com"]
[Source "ChessBase"]
[SourceQuality "1"]

1. e4 e5 2. Nf3 Nc6 3. Bb5 a6 4. Ba4 b5 5. Bb3 Nf6 6. d3 Be7 7. c3 O-O 8. O-O d6 9. Nbd2 Be6 10. Bc2 h6 11. h3 Nh7 12. d4 Bc8 13. Re1 Ng5 14. a4 Bd7 15. Qe2 Qc8 1/2-1/2

[Event "Chessemy Open 2022"]
[Site "Reinstorf"]
[Date "2022.02.03"]
[Round "6.20"]
[White "Koellner, Aaron Noah"]
[Black "Muedder, Rafael"]
[Result "1/2-1/2"]
[WhiteElo "2155"]
[BlackElo "2035"]
[Annotator "TA"]
[PlyCount "175"]
[EventDate "2022.01.29"]
[EventType "swiss"]
[EventCountry "GER"]
[SourceTitle "playchess.com"]
[Source "ChessBase"]
[SourceQuality "1"]

1. d4 Nf6 2. Bg5 d5 3. e3 c5 4. Bxf6 gxf6 5. dxc5 Nc6 6. Bb5 e6 7. c4 dxc4 8. Nd2 Bxc5 9. Qg4 Bd7 10. Qg7 Rf8 11. Ngf3 Qa5 12. Bxc4 Be7 13. O-O Qh5 14. Ne4 Qg6 15. Qxg6 hxg6 16. Rfd1 O-O-O 17. Bb5 a6 18. Ba4 f5 19. Nd6+ Kc7 20. Bxc6 Bxc6 21. Nc4 Rxd1+ 22. Rxd1 Bxf3 23. gxf3 f6 24. f4 g5 25. fxg5 fxg5 26. Ne5 Bf6 27. Rc1+ Kd8 28. Rd1+ Kc7 29. Rc1+ Kd8 30. Nd3 Be7 31. f4 Rg8 32. Kf2 Bd6 33. fxg5 Rxg5 34. Nc5 Bxc5 35. Rxc5 Rh5 36. Kg2 Rg5+ 37. Kf3 Rh5 38. Rc2 Kd7 39. Kg3 e5 40. h4 Rh8 41. Rh2 Rh5 42. Rd2+ Ke6 43. Rd8 Rh7 44. a4 Rg7+ 45. Kh3 f4 46. exf4 exf4 47. h5 Rf7 48. Rd1 Kf5 49. Kg2 Ke4 50. Re1+ Kf5 51. Kf3 Rg7 52. Rh1 Rg3+ 53. Kf2 Rg7 54. h6 Rh7 55. Kf3 b6 56. Rh5+ Kg6 57. Rh4 Kg5 58. Rg4+ Kh5 59. Rg1 b5 60. a5 b4 61. Rg2 b3 62. Rg1 Rxh6 63. Rh1+ Kg5 64. Rxh6 Kxh6 65. Kxf4 Kh5 66. Kf5 Kh4 67. Ke6 Kg4 68. Kd5 Kf4 69. Kd4 Kf5 70. Kc5 Ke4 71. Kc4 Ke5 72. Kxb3 Kd5 73. Kb4 Kd4 74. Ka4 Kc4 75. b4 Kd5 76. b5 Kc5 77. b6 Kc6 78. Kb4 Kb7 79. Kc5 Kb8 80. Kd6 Kb7 81. Kd7 Kb8 82. Kc6 Kc8 83. Kd6 Kb8 84. Kd7 Kb7 85. Kd6 Kb8 86. Kc6 Kc8 87. b7+ Kb8 88. Kb6 1/2-1/2

[Event "Chessemy Open 2022"]
[Site "Reinstorf"]
[Date "2022.02.03"]
[Round "6.21"]
[White "Goh, Choon Keng Philip"]
[Black "Reichmann, Hendrik"]
[Result "0-1"]
[WhiteElo "1960"]
[BlackElo "2345"]
[Annotator "TA"]
[PlyCount "116"]
[EventDate "2022.01.29"]
[EventType "swiss"]
[EventCountry "GER"]
[SourceTitle "playchess.com"]
[Source "ChessBase"]
[SourceQuality "1"]

1. Nf3 g6 2. e4 c5 3. d4 cxd4 4. Qxd4 Nf6 5. Nc3 Nc6 6. Qa4 d6 7. e5 dxe5 8. Nxe5 Qd4 9. Nxc6 Qxa4 10. Nxa4 bxc6 11. Be3 Nd5 12. Bd4 f6 13. O-O-O Bh6+ 14. Kb1 O-O 15. Bc4 Rd8 16. Rhe1 e5 17. Bc3 Be6 18. Ba5 Rd7 19. Nc5 Nc3+ 20. Bxc3 Rxd1+ 21. Rxd1 Bxc4 22. Ne4 Bg7 23. Rd6 Rf8 24. Nc5 Rc8 25. Rd7 Bd5 26. f3 Bf8 27. Ne4 Bxe4 28. fxe4 Bc5 29. Ba5 f5 30. exf5 gxf5 31. Bd8 e4 32. Kc1 f4 33. Kd2 f3 34. gxf3 exf3 35. Ke1 h6 36. Kf1 Rb8 37. b3 Kf8 38. Rd3 Kg7 39. Bc7 Rf8 40. Bd6 Rf5 41. Bxc5 Rxc5 42. c4 Rh5 43. Kf2 Rxh2+ 44. Kg3 f2 45. Rd1 f1=N+ 46. Rxf1 Rxa2 47. Rd1 Ra3 48. Rd7+ Kf6 49. Rd6+ Ke5 50. Rxc6 Rxb3+ 51. Kg2 Rb6 52. Rc7 a6 53. Rd7 Rc6 54. Rd5+ Ke4 55. Rd8 a5 56. Ra8 Rc5 57. Kg3 h5 58. Kh4 Ke5 0-1

[Event "Chessemy Open 2022"]
[Site "Reinstorf"]
[Date "2022.02.03"]
[Round "6.22"]
[White "Bischoff, Ulrich"]
[Black "Himpenmacher, Andy"]
[Result "0-1"]
[WhiteElo "1994"]
[BlackElo "2191"]
[Annotator "TA"]
[PlyCount "70"]
[EventDate "2022.01.29"]
[EventType "swiss"]
[EventCountry "GER"]
[SourceTitle "playchess.com"]
[Source "ChessBase"]
[SourceQuality "1"]

1. d4 Nf6 2. c4 e6 3. Nf3 d5 4. g3 Bb4+ 5. Bd2 Be7 6. Bg2 Nbd7 7. O-O O-O 8. Nc3 c6 9. Bf4 Ne4 10. Qc2 g5 11. Be3 Nd6 12. b3 f5 13. Rad1 g4 14. Ne5 Bg5 15. Qc1 Bxe3 16. Qxe3 Qf6 17. Qf4 Qe7 18. f3 gxf3 19. exf3 Nxe5 20. dxe5 Nf7 21. Qe3 b6 22. Rfe1 Ba6 23. c5 Rab8 24. Na4 Bb5 25. cxb6 axb6 26. Nxb6 c5 27. Na4 Bxa4 28. bxa4 Rb2 29. Bf1 c4 30. Rd4 Rfb8 31. g4 Qg5 32. Qc3 Rxa2 33. Bxc4 dxc4 34. Qxc4 Rbb2 35. Qf1 Qh4 0-1

[Event "Chessemy Open 2022"]
[Site "Reinstorf"]
[Date "2022.02.03"]
[Round "6.22"]
[White "Skytte, Robert"]
[Black "Krause, Helmut"]
[Result "1/2-1/2"]
[WhiteElo "1180"]
[BlackElo "1595"]
[Annotator "NA"]
[PlyCount "57"]
[EventDate "2022.01.29"]
[EventType "swiss"]
[EventCountry "GER"]
[SourceTitle "playchess.com"]
[Source "ChessBase"]
[SourceQuality "1"]

1. e4 c5 2. Nf3 a6 3. c3 e6 4. d4 d5 5. e5 Bd7 6. Bd3 cxd4 7. cxd4 Bb5 8. Bc2 Be7 9. Nc3 Bc6 10. O-O Nd7 11. Bd2 Nb6 12. Ne2 Nc4 13. Bc3 f6 14. Ng3 f5 15. Nh5 g6 16. Nf4 Qd7 17. Qc1 O-O-O 18. b3 Na3 19. Bb2 Nxc2 20. Qxc2 Kb8 21. Qd2 g5 22. Nd3 g4 23. Nfe1 Bb5 24. a4 Bxd3 25. Nxd3 h5 26. Qa5 Rc8 27. Rac1 Nh6 28. Rxc8+ Rxc8 29. Rc1 1/2-1/2

[Event "Chessemy Open 2022"]
[Site "Reinstorf"]
[Date "2022.02.03"]
[Round "6.23"]
[White "Wronn, Bernd"]
[Black "Alquist, Erik"]
[Result "1-0"]
[WhiteElo "2178"]
[BlackElo "1965"]
[Annotator "TA"]
[PlyCount "109"]
[EventDate "2022.01.29"]
[EventType "swiss"]
[EventCountry "GER"]
[SourceTitle "playchess.com"]
[Source "ChessBase"]
[SourceQuality "1"]

1. Nf3 Nf6 2. c4 g6 3. g3 Bg7 4. Bg2 O-O 5. d4 c6 6. O-O d5 7. b3 dxc4 8. bxc4 c5 9. Nc3 Nc6 10. d5 Nxd5 11. cxd5 Bxc3 12. Bh6 Nb4 13. Rc1 Bg7 14. Bxg7 Kxg7 15. Rxc5 Na6 16. Rc4 Qd6 17. e4 f6 18. Re1 e5 19. h4 Bg4 20. Qb1 Nc5 21. Nd2 b6 22. Re3 Bd7 23. Rec3 Na4 24. Rc2 Rac8 25. Qc1 Rxc4 26. Nxc4 Qb8 27. f4 b5 28. Nb2 Nxb2 29. Rxb2 Qb6+ 30. Kh2 Rc8 31. Qd2 Rc4 32. fxe5 fxe5 33. h5 Qf6 34. h6+ Kg8 35. Qf2 Qg5 36. Qd2 Qxd2 37. Rxd2 Kf7 38. Rf2+ Ke7 39. Bf3 b4 40. Kg1 a5 41. Kg2 Ba4 42. Bg4 Rc2 43. Be6 Rxf2+ 44. Kxf2 Bc2 45. Bg8 Bxe4 46. Bxh7 Bxd5 47. Bxg6 Kf6 48. Bb1 a4 49. g4 Bxa2 50. g5+ Kf7 51. Bxa2+ b3 52. Bb1 a3 53. g6+ Kf8 54. g7+ Kf7 55. Bh7 1-0

[Event "Chessemy Open 2022"]
[Site "Reinstorf"]
[Date "2022.02.03"]
[Round "6.23"]
[White "Rennkamp, David"]
[Black "Nautsch, Thomas"]
[Result "1-0"]
[WhiteElo "1496"]
[BlackElo "1550"]
[Annotator "NA"]
[PlyCount "21"]
[EventDate "2022.01.29"]
[EventType "swiss"]
[EventCountry "GER"]
[SourceTitle "playchess.com"]
[Source "ChessBase"]
[SourceQuality "1"]

1. e4 b6 2. Nc3 c5 3. Nf3 Nc6 4. d4 Bb7 5. d5 Nb8 6. Bf4 d6 7. e5 e6 8. dxe6 fxe6 9. exd6 Nf6 10. Bc4 Qd7 11. O-O 1-0

[Event "Chessemy Open 2022"]
[Site "Reinstorf"]
[Date "2022.02.03"]
[Round "6.24"]
[White "Bui, Bao Anh Le"]
[Black "Nyenhuis, Yannek"]
[Result "1-0"]
[WhiteElo "2132"]
[BlackElo "1956"]
[Annotator "TA"]
[PlyCount "53"]
[EventDate "2022.01.29"]
[EventType "swiss"]
[EventCountry "GER"]
[SourceTitle "playchess.com"]
[Source "ChessBase"]
[SourceQuality "1"]

1. e4 e6 2. d4 d5 3. Bd3 Nf6 4. e5 Nfd7 5. f4 c5 6. c3 Nc6 7. Nf3 Qb6 8. Be2 f6 9. O-O cxd4 10. cxd4 fxe5 11. fxe5 Ndxe5 12. Nxe5 Nxe5 13. Nc3 Bd7 14. Bf4 Nc6 15. Nb5 e5 16. Bh5+ g6 17. Qe2 O-O-O 18. Bxe5 Nxe5 19. Qxe5 gxh5 20. Rac1+ Bc6 21. Rf7 Bd6 22. Nxd6+ Rxd6 23. Qxh8+ Rd8 24. Rf8 Rxf8 25. Qxf8+ Kd7 26. Qg7+ Kd8 27. Qg8+ 1-0

[Event "Chessemy Open 2022"]
[Site "Reinstorf"]
[Date "2022.02.03"]
[Round "6.24"]
[White "Mohammadi, Sholeh"]
[Black "Wetterling, Manfred"]
[Result "0-1"]
[WhiteElo "1162"]
[BlackElo "1619"]
[Annotator "NA"]
[PlyCount "90"]
[EventDate "2022.01.29"]
[EventType "swiss"]
[EventCountry "GER"]
[SourceTitle "playchess.com"]
[Source "ChessBase"]
[SourceQuality "1"]

1. c4 e6 2. e3 c5 3. Be2 d5 4. cxd5 exd5 5. d4 cxd4 6. exd4 Nf6 7. Bf3 Be7 8. Nc3 O-O 9. Nge2 Nc6 10. O-O Bg4 11. Nf4 Bxf3 12. Qxf3 Nxd4 13. Qd3 Nc6 14. Ncxd5 Bd6 15. Nxf6+ Qxf6 16. Nd5 Qh4 17. f4 Rad8 18. Rf3 Qe1+ 19. Qf1 Bc5+ 20. Ne3 Qxf1+ 21. Kxf1 Nd4 22. Rf2 Rfe8 23. Rb1 Nf5 24. Re2 Nxe3+ 25. Bxe3 Bxe3 26. Rxe3 Rxe3 27. Kf2 Red3 28. a4 Rd1 29. Rxd1 Rxd1 30. Ke2 Rb1 31. h4 Rxb2+ 32. Kf3 Ra2 33. g4 Rxa4 34. g5 f5 35. gxf6 gxf6 36. h5 f5 37. Kg3 h6 38. Kf3 Re4 39. Kg3 Kf7 40. Kf3 Ke6 41. Kg3 Kd5 42. Kf3 Kd4 43. Kg3 Ke3 44. Kh4 Kf2 45. Kh3 Rxf4 0-1

[Event "Chessemy Open 2022"]
[Site "Reinstorf"]
[Date "2022.02.03"]
[Round "6.25"]
[White "Albers, Andreas"]
[Black "De Winter, Arthur"]
[Result "1/2-1/2"]
[WhiteElo "1968"]
[BlackElo "2122"]
[Annotator "TA"]
[PlyCount "90"]
[EventDate "2022.01.29"]
[EventType "swiss"]
[EventCountry "GER"]
[SourceTitle "playchess.com"]
[Source "ChessBase"]
[SourceQuality "1"]

1. e4 c5 2. Nc3 Nc6 3. Bb5 Nd4 4. Nf3 e6 5. O-O a6 6. Bd3 Nc6 7. Nd5 g6 8. c3 Bg7 9. Re1 d6 10. Ne3 Nge7 11. Bf1 e5 12. Nc2 O-O 13. d4 exd4 14. cxd4 cxd4 15. Nfxd4 b6 16. Be3 Bb7 17. Nxc6 Nxc6 18. Nd4 Ne5 19. Nb3 b5 20. Bd4 Rc8 21. f4 Nc6 22. Bxg7 Kxg7 23. Qd2 Qf6 24. Rad1 Rfd8 25. Be2 Kg8 26. Bf3 a5 27. Nxa5 Nxa5 28. Qxa5 Qxb2 29. Re2 Qf6 30. Qxb5 Rb8 31. Qg5 Qe6 32. Bg4 Qc4 33. f5 Bxe4 34. f6 Kh8 35. Qh6 Rg8 36. Qe3 d5 37. Bf3 Qa4 38. Red2 Rb4 39. Bxe4 Rxe4 40. Qc5 Rge8 41. Rxd5 Qxa2 42. Rd8 h5 43. Rxe8+ Rxe8 44. h3 Kh7 45. Qc7 Qe6 1/2-1/2